000 00374nam a22001337a 4500
003 MACL
005 20151105153740.0
008 151105b xxu||||| |||| 00| 0 eng d
040 _cMACL
041 _aEnglish
245 _aGovernance, Constitution, Polity, Social Justice & International Relations General Studies 2
260 _aNoida
_bLexis Nexis
_c2015
942 _2ddc
_cBK
999 _c50560
_d50560